000 00300nam a2200133Ia 4500
008 100328s9999 xx 000 0 und d
082 _b18190
100 _aMilkes Georgs
245 _aEast Is East
260 _bAndre Deutsch
630 _aEast Is East
730 _aEast Is East
942 _cBOOK
999 _c512629
_d512626